| 000 | 00683nam a2200241 a 4500 | ||
|---|---|---|---|
| 001 | 64892 | ||
| 003 | BD-RjUL | ||
| 005 | 20211209081351.0 | ||
| 008 | 170223s1971 ii ab 001 0 eng | ||
| 035 | _a(BD-RjUL)65022 | ||
| 040 |
_aDLC _cDLC _dBD-RjUL _beng |
||
| 041 | _aeng | ||
| 082 | 0 | 0 |
_a954.9104 _223 _bMAR 1971 |
| 100 | 1 |
_aMascarenhas, Anthony, _d1928- _9192358 |
|
| 245 | 1 | 4 |
_aThe rape of Bangla Desh / _cAnthony Mascarenhas |
| 260 |
_aDelhi : _bVikas Publications, _c1971. |
||
| 300 |
_avi, 168 p. : _bill. ; _c23 cm. |
||
| 350 | _aRs17.50 | ||
| 500 | _aIncludes index | ||
| 650 |
_aHistory _zBangladesh _9183265 _y1947-1971 |
||
| 942 |
_2ddc _cBK |
||
| 999 |
_c64892 _d64892 |
||